Normal view
MARC view
Entry Personal Name
001 - CONTROL NUMBER
- control field: 84422
003 - CONTROL NUMBER IDENTIFIER
- control field: dpl
005 - DATE AND TIME OF LATEST TRANSACTION
- control field: 20250828125509.0
008 - FIXED-LENGTH DATA ELEMENTS
- fixed length control field: 250828|| aca||aabn | a|a d
040 ## - CATALOGING SOURCE
- Original cataloging agency: dpl
- Transcribing agency: dpl
100 ## - HEADING--PERSONAL NAME
- Personal name: KHANDELWAL, KAILASH NATH
670 ## - SOURCE DATA FOUND
- Source citation: Work cat.: (dpl)213196: KHANDELWAL, KAILASH NATH, THE ESSENCE OF TIME/, 2025
